000 00519 a2200181 4500
999 _c8406
_d8406
010 _aENG-88458
020 _a00700618496
_c165.00
035 _aEN-71991
037 _bDBAD / PUB
082 0 0 _a158.1
100 1 _aVeenman, Warren
245 1 0 _aDare to succeed/
_cby Warren Veenman [and] Sally Eichhorst
260 _aNew Delhi
_bTata McGraw-Hill Publishing
_c2008
300 _a158 p.
_c22cm (pbk )
500 _aIncludes index
700 1 _aEichhorst, Sally
942 _adpl
_cEN
_2ddc
_h158.1
_mVEE